Fallout: New Vegas Weapons in Real Life - Statistics

General Stats
  • This quiz has been taken 3 times
  • The average score is 6 of 33
Answer Stats
Picture Answer % Correct
Colt M1911A1
100%
M1A1 Thompson
100%
M1918A2 B.A.R.
67%
M1 Garand
67%
M3 "Grease Gun"
67%
Magnum Research Desert Eagle Mark I
67%
Browning Hi-Power
33%
FN M249 SAW/M60
33%
Ruger 22/45
33%
American-180
0%
Barrett M82A1
0%
Colt Model 715/Colt M16A1/Diemaco C7
0%
Colt Model 733
0%
Colt Model 933
0%
Colt New Agent
0%
Colt Official Police
0%
Colt Single Action Army
0%
Hawk Semi-Auto
0%
HK MP5K
0%
M79 "Thumper"
0%
Magnum Research BFR
0%
Marlin Model 1895
0%
Marlin Model 336
0%
New England Pardner
0%
Norinco QLZ-87
0%
PGM Hecate II
0%
Remington 870 Wingmaster
0%
Smith & Wesson Model 29
0%
Stevens 311R
0%
Winchester Model 101
0%
Winchester Model 1887
0%
Winchester Model 1892
0%
Winchester Model 70
0%
No matching quizzes found
Score Distribution
Percent of People with Each Score
Percentile by Number Answered
Your Score History
You have not taken this quiz